[Event "New York op"]
[Site "New York"]
[Date "1998.03.19"]
[Round "6"]
[White "Sokolin, Leonid M"]
[Black "Shabalov, Alexander"]
[Result "0-1"]
[WhiteElo "2530"]
[BlackElo "2615"]
[Annotator "Ribli,Z"]
[PlyCount "112"]
[EventDate "1998.03.16"]
[EventType "swiss"]
[EventRounds "9"]
[EventCountry "USA"]
[SourceTitle "CBM 064"]
[Source "ChessBase"]
[SourceDate "1998.06.02"]
[SourceVersion "1"]
[SourceVersionDate "1998.06.02"]
[SourceQuality "1"]

1. c4 b6 {Dieser sogenannte Damenfianchetto-Aufbau ist eine beliebte Waffe des
englischen GM Short. Ribli.} 2. e4 e6 (2... Bb7 3. Nc3 e5 4. d3 Nc6 5. g3 Bc5
6. Bg2 Nge7 7. Nf3 O-O 8. O-O a5 9. Be3 d6 10. d4 exd4 11. Nxd4 Nxd4 12. Bxd4
Nc6 13. Bxc5 bxc5 14. e5 dxe5 15. Na4 Qd6 16. Qd5 Nd8 17. Qxc5 Bxg2 18. Qxd6
cxd6 19. Kxg2 Ne6 20. Rad1 Nd4 {1/2-1/2 Kortschnoj,V-Short,N/FIDE-Wch k.o.
1997 (25)}) 3. Qe2 $6 {Dieser Zug gefällt mir nicht. Es wäre viel besser, den
dritten Zentrumsbauern vorzustoßen.} (3. d4 $5) 3... c5 $1 $11 {[%csl Rd4]
Schwarz kontrolliert das wichtigste Zentrumsfeld - d4.} 4. f4 Nc6 5. Nf3 g6 $1
{Der Läufer entwickelt sich nach g7, um den Punkt d4 zu kontrollieren.} 6. g3 (
6. e5 d6 $15) 6... Bg7 7. Bg2 Nge7 8. d3 O-O 9. O-O d6 10. Nc3 Rb8 $5 {[%csl
Rd4] Schwarz bereitet ...a6-...b5 vor, bevor er den Damenläufer entwickelt.} (
10... Bb7 $11) 11. Kh1 a6 12. Be3 (12. a4 $6 {[%csl Rb4]}) 12... b5 13. cxb5
axb5 14. g4 b4 $15 {[%csl Gg7]} 15. Nd1 {Der Springer strebt nach f2.} f5 $1 {
Das ist die richtige Entscheidung. Dieser Zug stoppt die weiße Initiative am
Königsflügel.} 16. gxf5 exf5 (16... gxf5 17. Nf2 {Und Weiß erlangt
möglicherweise Spiel in der g-Linie.}) 17. Nf2 Ba6 {[%cal Ga6f1] Der Läufer
steht ideal auf a6. Er übt Druck gegen d3 aus.} 18. Ng5 {[%cal Rg5e6,Re6f8,
Re6d8]} Qd7 19. Qc2 h6 (19... Kh8 20. Rfe1 h6 21. Nf3 fxe4 22. dxe4) 20. Nf3
fxe4 {[#]} 21. dxe4 $5 {Für die geopferte Qualität erlangt Weiß etwas Spiel
auf den weißen Feldern.} (21. Nxe4 Nf5 $15 {[%csl Rd4,Gf5]} (21... Nd5 $15 {
[%cal Rd5e3,Rd5f4]})) 21... Bxf1 22. Rxf1 Nd4 $6 (22... Kh7 $5) (22... Rf7 $2
23. Bh3 {[%cal Rh3e6,Re6g8,Re6d7]}) 23. Nxd4 cxd4 24. Bd2 Qb5 25. Qb3+ (25. Nd3
b3 $17) 25... Kh7 26. Re1 {Weiß hat eine klare Qualität weniger, aber es ist
nicht leicht für Schwarz konkrete Angriffspunkte zu finden. Die weißen
Leichtfiguren halten die Einbruchsfelder.} Nc6 27. Qh3 b3 28. a3 (28. axb3 Qxb3
$17) 28... Qc4 29. Nd3 {[%csl Gd3,Rg7] Der weiße Springer steht ideal auf d3.}
Qc2 30. Bc1 Rbe8 31. Rg1 {Weiß hat keine konkreten Drohungen, aber es ergeben
sich eventuelle taktische Möglichkeiten.} Rf6 32. Qg3 Ne7 33. h4 Rb8 (33... h5
{[%csl Rg5]}) 34. h5 $13 {Diese aggressive Fortsetzung führt zu großen
Komplikationen.} Qe2 35. hxg6+ Rxg6 36. Qh3 Rg8 37. f5 Rxg2 $5 {Schwarz gibt
die Qualität zurück und gewinnt auf e4 einen Schlüsselbauern.} 38. Rxg2 Qxe4 (
38... Qf1+ 39. Kh2 Be5+ 40. Nxe5 Rxg2+ 41. Qxg2 Qxg2+ 42. Kxg2 dxe5 $14) 39. f6
{Es scheint, Weiß hätte großen Angriff oder gewänne Material.} Nf5 $1 (39...
Bxf6 $2 40. Qxh6#) 40. Kh2 $2 {Das ist der letzte Zug in Zeitnot. Nach meiner
Meinung ist Weiß auf seinem Höhepunkt in dieser Partie, findet aber nicht den
richtigen Zug.} (40. fxg7 $5 Rxg7 41. Nf4 (41. Nf2 Qe1+ (41... Ng3+ 42. Qxg3
Qe1+ 43. Rg1 $18) 42. Kh2 Qe5+ $11) (41. Kh2 $2 Rxg2+ 42. Qxg2 Qxd3 $17) 41...
Rg3 42. Qxf5+ Qxf5 43. Rxg3 Qe4+ $13) 40... Bxf6 41. Rxg8 Kxg8 42. Qg2+ Qxg2+
43. Kxg2 Kf7 $17 {Schwarz hat zwei Bauern mehr, aber technische Probleme wegen
der Doppelbauern in der d-Linie.} 44. Kf3 Ke6 45. Ke4 d5+ 46. Kf3 Kd6 47. Bd2
h5 {Der h-Bauer ist noch nicht stark, aber beschränkt die Beweglichkeit des
weißen Königs.} 48. a4 Kc6 49. Nc1 Nd6 50. Nxb3 Nc4 51. Na5+ Kb6 52. Nb3 (52.
Nxc4+ $6 dxc4 {Mit zwei verbundenen Bauern hat Schwarz gute Gewinnchancen.} 53.
Ke4 h4 54. Kd5 h3 55. Bf4 c3 56. bxc3 dxc3 $19) 52... d3 53. Bf4 Bxb2 54. Bg3
Ba3 55. Bf2+ Kc6 56. Bg3 d2 {Und Weiß gab auf. Seine Stellung ist sehr
schwierig, aber es gibt noch keinen forcierten Gewinn für Schwarz.} (56... d2
57. Ke2 Bb4 58. Bh4 Nb2 59. Nxd2 Bxd2 60. Kxd2 Nxa4 $17) 0-1

[Event "Interzonal-16"]
[Site "Biel"]
[Date "1993.??.??"]
[Round "7"]
[White "Hansen, Curt"]
[Black "Ehlvest, Jaan"]
[Result "1/2-1/2"]
[WhiteElo "2590"]
[BlackElo "2620"]
[Annotator "Ribli,Z"]
[PlyCount "55"]
[EventDate "1993.07.16"]
[EventType "swiss"]
[EventRounds "13"]
[EventCountry "SUI"]
[SourceTitle "CBM 037"]
[Source "ChessBase"]
[SourceDate "1993.12.01"]
[SourceVersion "1"]
[SourceVersionDate "1993.12.01"]
[SourceQuality "1"]

1. c4 b6 2. Nc3 e6 3. Nf3 Bb7 4. e4 Bb4 5. d3 (5. Qb3 Na6 $5 (5... c5 $2 6. Nb5
d6 7. Qd3 $16 {Csom,I-Keene,R/Dortmund/1977/INF23,23/}) (5... a5 6. a3 $14 {
Csom,I-Christiansen,L/Hastings/1978/INF27,18/}) 6. d3 f5 $5 $13 {Ljubojevic,
L-Van der Wiel,J/Amsterdam OHRA/1988/CBM/09/} (6... d6 7. a3 Bxc3+ 8. Qxc3 e5
9. b4 Nf6 10. g3 c5 $10 {Reinderman,D-Hassapis,D/Oakham/1992/CBM30/})) (5. Bd3
$6 Ne7 6. a3 (6. O-O O-O 7. Re1 f5 $13 {Huebner,R-Miles,A/Bad Lauterberg/1977/
INF23,22/}) 6... Bxc3 7. dxc3 d6 $10 {Ostenstad,B-Kengis,E/Gausdal/1991/CBM25/}
) 5... Ne7 6. Be2 Bxc3+ $5 (6... O-O 7. O-O f5 8. e5 Ng6 9. d4 $14 {
Zlotnikov-Miles,A/London/1982/INF34,7/}) 7. bxc3 O-O 8. O-O Nbc6 9. Nd4 (9. d4
Na5 10. Bd3 f5 11. e5 Qe8 $13) 9... f5 $5 10. Nxc6 (10. f3 $5) 10... Bxc6 11.
f3 Ng6 12. Be3 Qf6 13. Qd2 d6 14. d4 e5 (14... fxe4 15. fxe4 Qh4 $2 16. Bg5 $1
Qxe4 17. Bf3 $16) 15. Bg5 Qf7 16. exf5 Qxf5 17. Bd3 Qf7 18. Qc2 Bd7 (18... Rae8
19. h4 $1 $36) 19. dxe5 dxe5 20. c5 Bf5 21. Rfd1 Rae8 (21... h6 22. Be3 Nf4 23.
Bxf5 Qxf5 24. Qxf5 Rxf5 25. Rd7 Rf7 $10) 22. Be4 (22. Bxf5 Qxf5 23. Qxf5 Rxf5
24. Be3 e4 $10) 22... Nf4 23. Rd2 Qg6 24. Bxf4 exf4 25. Re1 bxc5 26. Rde2 Bxe4
27. Rxe4 Rxe4 28. Qxe4 1/2-1/2

[Event "Helsinki op"]
[Site "Helsinki"]
[Date "1992.??.??"]
[Round "3"]
[White "Vladimirov, Yevgeniy"]
[Black "Moskalenko, Viktor"]
[Result "1-0"]
[WhiteElo "2585"]
[BlackElo "2535"]
[Annotator "Ribli,Z"]
[PlyCount "72"]
[EventDate "1992.09.??"]
[EventType "swiss"]
[EventRounds "9"]
[EventCountry "FIN"]
[SourceTitle "CBM 032"]
[Source "ChessBase"]
[SourceDate "1993.02.01"]
[SourceVersion "1"]
[SourceVersionDate "1993.02.01"]
[SourceQuality "1"]

1. Nf3 d5 2. c4 e6 3. g3 c6 4. b3 $5 f5 5. Bg2 Nf6 6. O-O Be7 7. Ba3 $5 (7. Bb2
$5 O-O 8. d3 $14) 7... Bxa3 8. Nxa3 e5 $6 9. cxd5 e4 (9... cxd5 $2 10. Nxe5 $1
Qe7 11. Qc2 O-O 12. Qb2 $18) 10. Nd4 cxd5 11. Rc1 O-O 12. Nab5 (12. Qc2 $5)
12... Qb6 13. e3 (13. Nc7 $2 Qxd4 14. Nxa8 Nc6 $44) 13... Nc6 14. Qc2 Bd7 15.
Nxc6 $1 bxc6 16. Nd4 Rac8 17. Qc5 $14 Qb8 18. Rc3 $1 Ng4 19. Rfc1 Ne5 20. Bf1
g5 21. b4 f4 22. exf4 gxf4 23. b5 $1 fxg3 24. Rxg3+ $1 Kh8 25. bxc6 Bxc6 26.
Qe7 Rf7 27. Qe6 $18 Re8 (27... Bd7 28. Rxc8+ $18) 28. Nxc6 Nf3+ 29. Kh1 Rxe6
30. Nxb8 Re8 31. Nc6 Nxd2 32. Nd4 Rxf2 33. Be2 Rg8 34. Rxg8+ Kxg8 35. Rc2 e3
36. Rc3 Nc4 1-0

[Event "RUS-chT 09th Group2"]
[Site "Ekaterinburg"]
[Date "2002.05.18"]
[Round "2"]
[White "Sorokin, Maxim"]
[Black "Nureev, Garun"]
[Result "0-1"]
[WhiteElo "2531"]
[BlackElo "2457"]
[Annotator "Ribli,Z"]
[PlyCount "48"]
[EventDate "2002.05.17"]
[EventType "team-tourn"]
[EventRounds "7"]
[EventCountry "RUS"]
[SourceTitle "CBM 090"]
[Source "ChessBase"]
[SourceDate "2002.09.20"]
[SourceVersion "1"]
[SourceVersionDate "2002.09.20"]
[SourceQuality "1"]
[WhiteTeam "Nizhny Tagil Politekhnik"]
[BlackTeam "Satka Magnezit"]
[WhiteTeamCountry "RUS"]
[BlackTeamCountry "RUS"]

1. Nf3 e6 2. c4 b6 3. e4 Bb7 4. Nc3 Bb4 {Hier könnte Schwarz auch 4...c5
ziehen, aber der Textzug bietet bessere Chancen - er verhindert die übliche
weiße Entwicklung (der Pe4.hängt).} 5. Qb3 c5 {Dieser Zug wird kaum gespielt
und ist auch nicht gerade gut. (Der Nachteil des Zuges besteht darin, dass der
Bb4 in vielen Varianten abgeschlossen ist.) Die beste Fortsetzung wäre hier 5..
.Na6.} (5... Na6 $5 6. a3 Nc5 7. Qc2 Bxc3 8. Qxc3 Qf6 (8... Nxe4 9. Qxg7 Qf6
10. Qxf6 Ngxf6 11. b4 (11. d3 Nd6 12. Be2 Ke7 13. Rg1 Rhg8 14. h3 h5 15. Bg5
Nf5 16. h4 d6 17. Kd2 e5 18. Rae1 Ke6 {1/2-1/2 Cramling,D-Schussler,H/Sweden
1993/EXT 97 (47)}) 11... Rg8 12. d3 Nd6 13. Bb2 Ke7 14. Ke2 Nf5 15. g3 c5 16.
Bh3 Ng4 17. Rhb1 Rab8 18. Bc3 {1-0 Berkes,F-Paschall,W/Budapest 2001/CBM 87_01
(63)}) 9. d3 Qxc3+ 10. bxc3 Ne7 11. Be3 f5 12. Nd2 fxe4 13. Bxc5 bxc5 14. dxe4
Rb8 15. Rb1 Ng6 16. Be2 Ke7 17. f3 {1/2-1/2 Ivacic,V-Chatalbashev,B/Nova
Gorica 2000/CBM 74 ext (61)}) 6. Bd3 $6 {Dieser Läuferzug ist unnatürlich -
statt dessen konnte Weiß sich mit 6.Nb5 Eröffnungsvorteil verschaffen.} (6. Nb5
$5 d6 (6... Kf8 7. Nd6 Qc7 8. Nxb7 Qxb7 9. Qe3 Nc6 10. Be2 Nge7 11. a3 Ba5 12.
O-O e5 13. Rb1 d6 14. Ne1 a6 15. f4 b5 16. Nf3 Ng6 {1-0 Gavrikov,V-Eingorn,V/
Riga 1980/MCL (47)}) 7. Qd3 d5 8. e5 dxc4 9. Qxd8+ Kxd8 10. Ng5 Ke7 11. a3 Ba5
12. Nxf7 Kxf7 13. Nd6+ Ke7 14. Nxb7 Nc6 15. Bxc4 Nxe5 16. Ba6 {1-0 Csom,
I-Keene,R/Hannover 1976/EXT 2002 (41)}) 6... Nf6 (6... Ne7 $5 {Anschließend
kann Schwarz versuchen, f7-f5 durchzusetzen.}) 7. Qc2 (7. e5 $5 Ng4 8. Ne4 $14
(8. Be4)) 7... Nc6 $11 {[%cal Gc6d4]} (7... d6) 8. a3 Ba5 (8... Bxc3 $6 9. dxc3
$14) 9. Rb1 {Weiß setzt auf den Vorstoß b2-b4.} Qe7 {Ein guter Entwicklungszug
- Schwarz verhindert damit das weiße b2-b4 und bereitet zugleich seine lange
Rochade vor.} 10. O-O g5 $6 {Dieser Zug ist originell und führt in der Folge
zu starkem Spiel auf der g-Linie, aber die positionelle Alternative (10...Ng4)
scheint mir besser.} (10... Ng4 $142 $11) 11. Nxg5 (11. e5 $1 Ng4 12. Nb5 {
[%cal Rb5d6,Rd6e8,Rb5c7,Rc7a8,Rc7e8]} Kf8 13. Be4 $16) 11... O-O-O $13 12. Na2
$6 (12. Nf3 $1) 12... Nd4 {[%csl Gd4]} 13. Qd1 Rdg8 14. f4 h6 15. Nf3 Nxe4 $36
{Schwarz kümmert sich nicht um die Drohung b2-b4, sondern setzt voll auf
seinen Angriff am Königsflügel.} 16. Bxe4 (16. b4 Nxf3+ 17. Rxf3 cxb4 18. axb4
Bxb4 $1 19. Nxb4 Qc5+ 20. Kf1 (20. Kh1 Nf2+ 21. Rxf2 Qxf2 $19) 20... Rxg2 $1
$19) 16... Bxe4 17. d3 Bb7 {[%csl Gb7,Rg1,Gg8][%cal Gb7g2,Gg8g2]} 18. Be3 (18.
b4 Rxg2+ $1 (18... cxb4 19. axb4 Rxg2+ 20. Kxg2 Qh4) 19. Kxg2 Qh4 $19) {[#]}
18... Rxg2+ $1 $17 {[%mdl 512]} 19. Kxg2 Rg8+ 20. Kh3 (20. Kf2 Bxf3 $19) (20.
Kh1 Nxf3 21. Rxf3 Qh4 22. Qe2 Qh3 23. Rbf1 Rg3 $19) 20... Qf6 $1 $19 {[%mdl
128] Droht tödliches Schach auf f5.} 21. Ng5 hxg5 22. fxg5 Rh8+ 23. Kg4 Qg6 24.
Kf4 Qf5+ 0-1

[Event "EU-Cup 13th final"]
[Site "Kazan"]
[Date "1997.12.28"]
[Round "1"]
[White "Agrest, Evgenij"]
[Black "Zvjaginsev, Vadim"]
[Result "1/2-1/2"]
[WhiteElo "2505"]
[BlackElo "2635"]
[Annotator "Ribli,Z"]
[PlyCount "105"]
[EventDate "1997.12.28"]
[EventType "team-k.o."]
[EventRounds "4"]
[EventCountry "RUS"]
[SourceTitle "EXT 2020"]
[Source "ChessBase"]
[SourceDate "2019.10.17"]
[SourceVersion "1"]
[SourceVersionDate "2019.10.17"]
[SourceQuality "1"]
[WhiteTeam "Graz Merkur Versicherung"]
[BlackTeam "Azov Ladya"]
[WhiteTeamCountry "AUT"]
[BlackTeamCountry "RUS"]

1. c4 e6 2. Nc3 b6 {Der junge Zvjaginsev bevorzugt einen originellen Stil. So
ist diese relativ seltene Variante keine Überraschung.Ribli.} 3. e4 Bb7 4. Nf3
Bb4 5. Bd3 (5. Qb3 Na6 $1 6. Be2 Ne7 7. O-O O-O 8. d3 Ng6 9. Bd2 d6 10. a3 Nc5
$1 11. Qc2 Bxc3 12. Bxc3 f5 $1 $15 {1/2-1/2 Serper,G-Yermolinsky,A/WchT Luzern
1993 (41)}) (5. d3 Ne7 6. Qb3 a5 7. a3 a4 8. Qc2 Bxc3+ 9. Qxc3 O-O 10. h4 d5
11. Rh3 dxe4 12. dxe4 Bxe4 {0-1 Rigo,J-Bricard,E/Paris op 1995 (36)}) (5. Qc2
Ne7 6. d4 Bxc3+ 7. bxc3 d6 8. Bd3 Nd7 9. O-O e5 10. a4 Nc6 11. Rb1 O-O 12. Bg5
Qe8 13. Be3 Nf6 14. Rfe1 Na5 {Beim,V-Lempert,I/Berliner Sommer 1993/0-1 (61)})
5... Ne7 {Diese Springerentwicklung erscheint mir logisch, da Schwarz später
f7-f5 ziehen kann.} (5... Nf6 6. e5 Ng8 7. Be4 Bxe4 8. Nxe4 d5 9. exd6 (9. Qa4+
Qd7) 9... Bxd6 10. O-O Nf6 11. Nxf6+ $5 (11. Nxd6+ cxd6) 11... Qxf6 12. d4 O-O
13. Bg5 $14 {Weiß besitzt Übergewicht im Zentrum, und der schwarze Damenflügel
ist geschwächt.}) 6. Ne2 $5 {[%csl Rb4] Ein interessantes Springermanöver, das
gegen den Läufer auf b4 gerichtet ist! Dieser hängt jetzt in der Luft und kann
nicht,- wie sonst - auf c3 schlagen.} (6. O-O O-O 7. Ne2 (7. Bc2 f5 8. Qe2 (8.
e5 Bxf3 9. gxf3 Ng6 10. d4 Qh4 11. Ne2 Nc6 12. f4 Qg4+ 13. Ng3 Qh3 14. f3 Nxd4
{0-1 Zlotnikov,M-Shabalov,A/New York op 1997 (22)}) 8... Bxc3 9. bxc3 Bxe4 10.
Bxe4 fxe4 11. Qxe4 Nbc6 12. d4 Nf5 13. d5 Na5 14. dxe6 Qe7 15. c5 Qxe6 {
1/2-1/2 Ioseliani,N-Matveeva,S/EU-chTW 1997 (22)}) (7. Re1 f5 8. exf5 (8. e5
Ng6 9. Bf1 Bxf3 10. Qxf3 Nc6 11. d4 Nxd4 12. Qd3 Nc6 13. f4 d6 14. exd6 Qxd6
15. Qxd6 cxd6 {Huebner,R-Miles,A/Bad Lauterberg 1977/EXT 97/0-1 (45)}) 8...
Nxf5 9. Be4 Bxe4 (9... Nc6 10. d4 Na5 11. Bxb7 Nxb7 12. Qd3 c5 13. d5 Nd4 14.
Ng5 Rf5 15. dxe6 dxe6 16. Nxe6 Qh4 17. g3 Qh5 18. Nxd4 cxd4 19. a3 Raf8 20. Bf4
Bxc3 21. bxc3 Nc5 22. Qd1 Qg6 23. cxd4 Rxf4 24. dxc5 Rxf2 25. Re2 Qf5 {1/2-1/2
Aumann,W-Schlusnik,N/Budapest FS06 IM 1997/EXP 58 (30)}) 10. Nxe4 (10. Rxe4
Bxc3 11. dxc3 Nc6 12. Bf4 Rc8 13. Qd3 Qe8 14. Rae1 h6 15. b4 Qe7 16. a3 g5 17.
Bc1 Rf7 18. Rg4 Rg7 19. c5 bxc5 20. b5 {1-0 Sunye Neto,J-Hoffman,A/ARG-WORLD
1994/CBM 42/[Ribli] (41)}) 10... Nc6 11. a3 Bc5 12. b4 Bd4 13. Ra2 a6 14. d3
Qe8 15. Ng3 Nxg3 16. hxg3 b5 17. Re4 Bf6 18. Rae2 Qb8 19. Bf4 Qb7 20. Qd2 Rad8
21. Qc1 {1/2-1/2 Murashko,V-Poluljahov,A/RUS-Cup01 Chigorin mem 1997 (41)})
7... f5 8. Ng3 Bd6 9. Re1 c5 10. exf5 Nxf5 11. Bxf5 Bxg3 12. Be4 Bxe4 13. Rxe4
Bd6 14. d4 cxd4 15. Rxd4 Bc5 16. Bg5 Qe8 17. Rd3 Nc6 {1/2-1/2 Gurevich,
M-Kengis,E/URS-chYM 1983 (28)}) 6... f5 (6... O-O $2 7. a3 Bd6 8. e5 Bxf3 9.
exd6 Bxe2 10. dxe7 Bxd1 11. exd8=Q Rxd8 12. Kxd1 $18) 7. Ng3 {Weiß hält seine
Zentrumsstellung und provoziert Schwarz zu f5-f4.} (7. Qc2 Bd6 8. a3 Ng6 9.
exf5 Nh4 10. Be4 Nc6 11. fxe6 O-O 12. d4 Nxg2+ 13. Kf1 Nh4 14. Bg5 Nxf3 15.
Bxd8 Raxd8 16. Rd1 dxe6 17. Qd3 Ng5 18. Bg2 {1-0 Mitenkov,A-Ivanov,V/Moscow op
1994/EXT 94op (26)}) 7... Ng6 8. O-O f4 (8... O-O $5 {Speelman}) 9. Ne2 O-O 10.
Bb1 (10. Bc2 $5 {Dieser Rückzug wirkt natürlicher. Weiß möchte in einigen
Varianten jedoch Qb3 ziehen.}) 10... Be7 $5 $146 {Schwarz muß sich mit 10...
Nh4 nicht beeilen, denn dieser Springerzug hilft dem Weißen, nach dem
Springertausch f2-f3 zu ziehen. Schwarz verbessert zunächst seine
Läuferstellung.} (10... Nh4 11. Nxh4 Qxh4 12. f3 $14 {Weiß besitzt ein
massives Zentrum, während der schwarze Bb7 wegen der Bauernkette g2-f3-e4
keine Zukunft hat.} e5 13. d4 Nc6 14. a3 Be7 15. dxe5 Nxe5 16. Kh1 Bd6 17. Bxf4
$1 Rxf4 18. g3 Rxe4 $5 19. gxh4 $16 {1-0 Chernin,A-Speelman,J/EUCup G3 1997 
(24)}) 11. d4 c5 $13 12. Bd2 (12. d5 e5 $15 {Schwarz hat freie Hand am
Königssflügel.} 13. d6 Bf6 {[%csl Rd6] Schwarz kann 14...Nc6 nebst ...Nd4
ziehen, und der weiße Pd6 wird schwach.}) 12... Qc7 13. b3 Nc6 (13... e5 $5 14.
dxe5 (14. d5 $15) 14... Nxe5 15. Nxe5 Qxe5 16. Bc3 Qg5 17. f3 $11) 14. Bc3 (14.
d5 Nce5 15. Nxe5 Qxe5 (15... Nxe5 16. f3 (16. Bc3 f3 $17) (16. Bxf4 Nf3+ 17.
gxf3 Rxf4 18. Nxf4 Qxf4 19. Qd3 Bd6 $13)) 16. Bc3 Qg5 17. f3) 14... e5 15. dxe5
(15. d5 Nd4 $15) 15... Ncxe5 16. Nxe5 Nxe5 17. f3 Ng6 (17... Bf6 18. Nxf4 $16
Nxc4 (18... Nxf3+ 19. Rxf3 (19. Qxf3 Bxc3 20. Qxc3 Rxf4 $15) 19... Bxc3 20. Nd5
Bd4+ 21. Qxd4 $18) 19. Nd5 $18) 18. Qd2 d6 19. Bc2 $11 {Weiß konsolidiert
seine Stellung und kann nun endlich die Entwicklung des Damenflügels
abschließen.} Rad8 (19... Bf6 20. Rad1 Be5 $11) 20. Rad1 Bf6 {Strategisch
macht es Sinn für Schwarz, die schwarzfeldrigen Läufer zu tauschen, aber Weiß
bekommt eine unerwartete Möglichkeit, seinen Bc2 besser zu postieren.} 21. Bxf6
Rxf6 22. e5 $1 $14 {[%cal Gd1d8,Gc2h7] Mit diesem Zug durchbricht Weiß die
schwarzfeldrige Blockade des Nachziehenden.} Nxe5 23. Nxf4 {[%cal Gf4d5] Der
weiße Springer strebt nach d5.} Qf7 24. Nd5 Bxd5 25. cxd5 $13 (25. Qxd5 Qxd5
26. Rxd5 Nc6 27. Be4 Nd4 $14) 25... Rf8 26. Be4 h6 27. Qe1 g5 {Schwarz übt
positionellen Druck am Königsflügel aus. Er führt den sogenannten
"Minoritätsangriff" gegen die potentiell gefährliche weiße Bauernmehrheit am
Königsflügel durch.} 28. Qe2 Rf4 {[%csl Ge5,Gf4]} 29. a4 h5 30. a5 {Es ist
interessant, daß beide Spieler ihr Glück im Minoritätsangriff suchen.} bxa5 31.
Qa6 {[%csl Ra5,Ga6,Rd6]} Qc7 (31... g4 32. Qxd6) 32. Ra1 g4 33. Qxa5 Qxa5 {
Im folgenden vereinfacht Schwarz die Stellung und behält leichte Initiative.}
34. Rxa5 gxf3 35. gxf3 Nxf3+ 36. Bxf3 Rxf3 37. Rxf3 Rxf3 38. Rxa7 {Wir haben
ein Turmendspiel mit großer Remisbreite. Schwarz steht etwas besser und
gewinnt mit der folgenden Aktion den Pd5.} Rf5 $15 (38... Rxb3 39. Ra6 $11 (39.
Rd7 Rb6 40. Kf2 Kf8 $15)) 39. b4 $1 {Weiß opfert einen (unwichtigen) Bauern
für Aktivität.} cxb4 (39... Rxd5 40. bxc5 dxc5 41. Kf2 $15) 40. Rb7 Rxd5 41.
Rxb4 {Schwarz besitzt einen Mehrbauern, aber das reduzierte Material bietet
Weiß gute Remischancen.} Kf7 42. Kf2 Rd2+ 43. Kg3 Re2 44. Rh4 {Es ist für
Schwarz kaum möglich, seinen h-Bauern zu halten.} Re5 (44... Kg6 45. Rd4 Re6
46. Rd5 $11 {[%csl Gd5]} Kh6 47. Kh4 {Durch aktives Spiel hält Weiß die
Stellung.}) 45. Kf3 d5 46. Ra4 {[%cal Ga4a6,Ga6h6] Weiß droht, 47.Ra6 mit
Aussperrung des schwarzen Königs auf der 6. Reihe, zu spielen.} Kf6 47. Kf4 Re2
(47... Rf5+ $5 48. Ke3 (48. Kg3 $2 Ke5 $17) 48... Ke5 49. Rh4) 48. Ra6+ Re6 49.
Ra4 (49. Rxe6+ $3 Kxe6 $19) 49... Rc6 {[%cal Rc6c4,Rc4f4,Rc4a4]} 50. Ke3 Rc2 (
50... Ke5 51. Rh4 Rh6 52. Kd3 Kf5 53. Kd4 Kg5 54. Rh3 $11) 51. Rf4+ Kg6 52. Rd4
Rc3+ 53. Kf4 $11 {Schwarz kommt nicht voran; er verliert seinen d-Bauern.} (53.
Kf4 Rc4 (53... Rc5 54. Ke5 $14) (53... Rh3 54. Rxd5 Rxh2 55. Rd6+ $11 {Das ist
natürlich elementar remis für Weiß. Ribli.}) 54. Ke5 Rxd4 55. Kxd4 Kf5 56. Kxd5
Kg4 57. Ke4 $11) 1/2-1/2

[Event "Tel Aviv"]
[Site "Tel Aviv"]
[Date "1992.??.??"]
[Round "9"]
[White "Psakhis, Lev"]
[Black "Vaisser, Anatoli"]
[Result "1-0"]
[WhiteElo "2605"]
[BlackElo "2580"]
[Annotator "Ribli,Z"]
[PlyCount "119"]
[EventDate "1992.04.??"]
[EventType "tourn"]
[EventRounds "11"]
[EventCountry "ISR"]
[EventCategory "11"]
[SourceTitle "CBM 030"]
[Source "ChessBase"]
[SourceDate "1992.10.01"]
[SourceVersion "1"]
[SourceVersionDate "1992.10.01"]
[SourceQuality "1"]

1. c4 f5 2. Nf3 Nf6 3. g3 e6 4. Bg2 d5 5. cxd5 $5 (5. O-O $1 $14) 5... exd5 6.
O-O Be7 7. b3 O-O 8. Bb2 c6 9. e3 a5 10. Nc3 Na6 11. a3 Nc5 12. Qc2 Nfe4 13.
Ne2 $1 Ne6 14. d3 Nd6 15. Be5 Bf6 (15... Nf7 $5) 16. Bxf6 Qxf6 17. Nfd4 h6 18.
Rab1 (18. Rfb1 g5 $1 $13) 18... Bd7 19. b4 axb4 20. axb4 Nc7 21. Nc3 Kh8 22.
Ra1 $1 Rxa1 23. Rxa1 Ncb5 24. Ndxb5 Nxb5 25. d4 Nd6 26. Na4 Ra8 27. Qc1 Be8 28.
Nc5 $14 Rxa1 29. Qxa1 Qe7 30. Qa7 g5 31. Bf1 Kg7 32. Qb8 Bh5 33. Nd3 Nc4 34.
Qa7 Kf6 35. Qa2 Bg6 36. Nc5 Nd6 37. Qb3 $1 b5 38. Qa3 Be8 39. Qa8 Qc7 40. Bd3
Ke7 41. Kg2 Kf6 42. h3 Qe7 43. g4 f4 44. exf4 gxf4 45. Qa1 Bg6 46. Bxg6 Kxg6
47. Qa8 f3+ 48. Kg3 Ne4+ 49. Nxe4 Qc7+ 50. Kxf3 dxe4+ 51. Ke3 Kf7 52. Qa2+ Kf6
53. Qc2 Qd6 54. Qc5 Qe6 55. Kf4 Qa2 56. Qxc6+ Kg7 57. Qd7+ Kg8 58. Kf5 Qd2 59.
Qe8+ Kg7 60. Qe7+ 1-0